Statistiques concernant Acteurs de la série La Flamme par images

Cliquez ici pour prendre le quiz!

Statistiques générales

  • Ce quiz a été pris 162 fois
  • Le résultat moyen est 9 sur 16

Statistiques - réponses

Réponse% Correct
Jonathan Cohen
98%
Florence Foresti
89%
Pierre Niney
87%
Ramzy Bedia
87%
Angèle
85%
Adèle Exarchopoulos
83%
Gilles Lellouche
74%
Géraldine Nakache
73%
Leïla Bekhti
73%
Vincent Dedienne
47%
Ana Girardot
39%
Laetitia Casta
31%
Laure Calamy
22%
Camille Chamoux
21%
Dora Tillier
15%
Céline Sallette
5%

Distribution des résultats

Percentile par nombre de réponses

% des personnes avec chaque résultat

Votre développement - résultats

Vous n’avez pas pris ce quiz